书目信息 |
| 题名: |
数字通信
|
|
| 作者: | 普罗基斯 著 | |
| 分册: | ||
| 出版信息: | 北京 电子工业出版社 2003.01 |
|
| 页数: | 744页 | |
| 开本: | 26cm | |
| 丛书名: | ||
| 单 册: | ||
| 中图分类: | TN914.3 | |
| 科图分类: | ||
| 主题词: | 通信系统 | |
| 电子资源: | ||
| ISBN: | 7-5053-8368-X | |
| 000 | 00553nam0 2200205 45 | |
| 001 | 0456996624 | |
| 005 | 2004092015495640 | |
| 010 | @a7-5053-8368-X@dCNY 58.00 | |
| 100 | @a20040920d2003 km y0chiy0120 ea | |
| 101 | 0 | @achi |
| 102 | @aCN@b110000 | |
| 200 | 1 | @a数字通信@AShu Zi Tong Xin@f(美)普罗基斯著@F(Mei)Pu Luo Ji Si Zhu |
| 205 | @a4版 | |
| 210 | @a北京@c电子工业出版社@d2003.01 | |
| 215 | @a744页@d26cm | |
| 606 | 0 | @a通信系统 |
| 690 | @aTN914.3@v3 | |
| 701 | 0 | @a普罗基斯@APu Luo Ji Si@4著 |
| 801 | 0 | @aCN@bPFT@c20040920 |
| 905 | @dTN914.3@eP902 | |
| 数字通信/(美)普罗基斯著.-4版.-北京:电子工业出版社,2003.01 |
| 744页;26cm |
| ISBN 7-5053-8368-X:CNY 58.00 |
| ● |
| 相关链接 |
|
|
|
正题名:数字通信
索取号:TN914.3/P902
 
预约/预借
| 序号 | 登录号 | 条形码 | 馆藏地/架位号 | 状态 | 备注 |
| 1 | 394800 | 203948005 | 自科库301/301自科库 37排4列2层/ [索取号:TN914.3/P902] | 在馆 | |
| 2 | 394801 | 203948014 | 自科库301/301自科库 37排4列2层/ [索取号:TN914.3/P902] | 在馆 | |
| 3 | 394802 | 203948023 | 期刊室512/301自科库 28排4列3层/ [索取号:TN914.3/P902] | 在馆 |